| 000 | 01127nam a2200241Ia 4500 | ||
|---|---|---|---|
| 003 | Ost | ||
| 005 | 20260507075136.0 | ||
| 008 | 260507s9999||||xx |||||||||||||| ||und|| | ||
| 020 | _a3318109959 | ||
| 040 | _cfsecg | ||
| 041 | _aara | ||
| 082 | _a330 | ||
| 100 |
_aأبو العيس، ثناء رشيد صادق _eمؤلف |
||
| 245 | 0 |
_aبحوث العمليات البرمجة الخطية / _c ثناء رشيد صادق أبو العيس |
|
| 260 |
_aالبيضاء: _bجامعة عمر المختار, _c2005 |
||
| 300 |
_a884 صفحة؛ _bإيضاحات ؛ _c24 سم |
||
| 520 | _aمفهوم بحوث العمليات- النمذجة- البرمجة الخطية- الطريقة الجبرية- طريقة السمبلكس والمتغيرات المصطنعة- الثنائية والتحليل ما بعد الأمثلية- البرمجة العددية- نماذج النقل- التحليل الشبكي- نظرية المباريات. | ||
| 653 | _aالإعلام الألي | ||
| 653 | _aالبرمجيات | ||
| 653 | _aبحوث العمليات | ||
| 653 | _aعلم الحاسوب | ||
| 942 | _cكتاب | ||
| 999 |
_c43264 _d43264 |
||